000 00326nam a22001337a 4500
008 180201b xxu||||| |||| 00| 0 eng d
020 _a089158093X
041 _aeng
080 _a301
100 _a19
101 _aSHP
245 _aMexico's Economy: A Policy Analysis with Forecasts to 1990
_cLooney, R.F
942 _2udc
_cBK
999 _c41493
_d41493